[Event "NOR-ch"]
[Site "Hamar"]
[Date "2007.07.07"]
[Round "1"]
[White "Adnoy, Hallvard Voll"]
[Black "Gronn, Atle"]
[Result "1/2-1/2"]
[WhiteElo "2289"]
[BlackElo "2310"]
[PlyCount "142"]
[EventDate "2007.07.07"]
[EventType "swiss"]
[EventRounds "9"]
[EventCountry "NOR"]
[SourceTitle "CBM 119 Extra"]
[Source "ChessBase"]
[SourceDate "2007.09.04"]
[SourceVersion "1"]
[SourceVersionDate "2007.09.04"]
[SourceQuality "1"]

1. e4 c5 2. d4 cxd4 3. c3 dxc3 4. Nxc3 d6 5. Bc4 Nc6 6. Nge2 Nf6 7. 0-0 e6 8. Ng3 Be7 9. Be3 0-0 10. f4 a6 11. Qf3 b5 12. Bb3 Na5 13. Bc2 Bb7 14. Rad1 Nc4 15. Bc1 b4 16. Na4 Rc8 17. Qe2 Qa5 18. Kh1 Bc6 19. b3 Na3 20. Bd3 Bb5 21. e5 Nd5 22. Ne4 Rc2 23. Qf3 Bxd3 24. Qxd3 Rc6 25. exd6 Bxd6 26. f5 Qb5 27. Qh3 Be7 28. Qg3 exf5 29. Rxf5 Qe2 30. Rfxd5 Qxe4 31. Bxa3 bxa3 32. h3 Bh4 33. Qd3 Qxd3 34. R1xd3 Rc2 35. Rd2 Rfc8 36. Rxc2 Rxc2 37. Rc5 Rd2 38. Rc8+ Rd8 39. Rxd8+ Bxd8 40. Kg1 f5 41. Kf1 Kf7 42. Ke2 Be7 43. Kd3 Ke6 44. Kc4 h5 45. Nc3 a5 46. Ne2 g5 47. h4 gxh4 48. Kd3 Ke5 49. Ke3 Bg5+ 50. Kf3 Bd2 51. Ng1 Bf4 52. Ne2 Bh6 53. Nc3 Bf8 54. Ne2 Be7 55. Ke3 Bg5+ 56. Kf3 Be7 57. Ke3 Bd8 58. Kf3 Bb6 59. Nc3 Bg1 60. Ne2 Bc5 61. Nf4 Bb4 62. Ne2 Bd2 63. Ng1 Be1 64. Ne2 h3 65. gxh3 h4 66. Ke3 f4+ 67. Kf3 Bd2 68. Ng1 Be3 69. Ne2 Bd2 70. Ng1 Be3 71. Ne2 Bd2 1/2-1/2

[Event "NOR-ch qual-A"]
[Site "Oslo"]
[Date "2007.04.02"]
[Round "2"]
[White "Ferkingstad, Sjur"]
[Black "Adnoy, Hallvard Voll"]
[Result "1/2-1/2"]
[WhiteElo "2128"]
[BlackElo "2300"]
[PlyCount "81"]
[EventDate "2007.04.01"]
[EventType "swiss"]
[EventRounds "7"]
[EventCountry "NOR"]
[SourceTitle "EXT 2008"]
[Source "ChessBase"]
[SourceDate "2007.11.25"]
[SourceVersion "1"]
[SourceVersionDate "2007.11.25"]
[SourceQuality "1"]

1. e4 g6 2. d4 Bg7 3. Nc3 d6 4. Be3 a6 5. Qd2 Nd7 6. Nf3 b5 7. Bd3 Bb7 8. Ne2 c5 9. c3 Ngf6 10. Bh6 Bxh6 11. Qxh6 cxd4 12. Nexd4 e5 13. Nb3 d5 14. exd5 Bxd5 15. Be2 Qb6 16. 0-0 0-0-0 17. c4 bxc4 18. Rac1 Kb8 19. Nbd2 Ng4 20. Qh4 f5 21. Bxc4 Bb7 22. h3 h5 23. Bb3 Nc5 24. Nc4 Qc7 25. Ne3 e4 26. hxg4 hxg4 27. Rxc5 Rxh4 28. Rxc7 exf3 29. Rxb7+ Kxb7 30. gxf3 Rdh8 31. Bd5+ Kb8 32. f4 R4h5 33. Bg2 Re8 34. Nd5 Re2 35. Rb1 Rh8 36. a4 Rhe8 37. b4 Re1+ 38. Rxe1 Rxe1+ 39. Kh2 Ra1 40. a5 Ra3 41. Ne7 1/2-1/2

[Event "NOR-ch qual-A"]
[Site "Oslo"]
[Date "2007.04.01"]
[Round "1"]
[White "Adnoy, Hallvard Voll"]
[Black "Aarnes, Carl Christian"]
[Result "1-0"]
[WhiteElo "2300"]
[BlackElo "1658"]
[PlyCount "45"]
[EventDate "2007.04.01"]
[EventType "swiss"]
[EventRounds "7"]
[EventCountry "NOR"]
[SourceTitle "EXT 2008"]
[Source "ChessBase"]
[SourceDate "2007.11.25"]
[SourceVersion "1"]
[SourceVersionDate "2007.11.25"]
[SourceQuality "1"]

1. d4 f5 2. Nc3 Nf6 3. Bg5 e6 4. e4 fxe4 5. Nxe4 Be7 6. Bxf6 Bxf6 7. Nf3 0-0 8. Qd2 d6 9. 0-0-0 Nd7 10. Bd3 g6 11. h4 Rf7 12. Neg5 Re7 13. h5 Nf8 14. hxg6 hxg6 15. Qf4 Bg7 16. Kb1 Qe8 17. Rh4 Nd7 18. Rdh1 Nf6 19. Qh2 Kf8 20. Rh8+ Bxh8 21. Qxh8+ Ng8 22. Nh7+ Rxh7 23. Rxh7 1-0

[Event "NOR-chT 0607"]
[Site "Oslo"]
[Date "2007.03.11"]
[Round "9"]
[White "Trygstad, Kristian J"]
[Black "Adnoy, Hallvard Voll"]
[Result "1/2-1/2"]
[WhiteElo "2346"]
[BlackElo "2294"]
[PlyCount "22"]
[EventDate "2006.11.10"]
[EventType "team-tourn"]
[EventRounds "9"]
[EventCountry "NOR"]
[SourceTitle "EXT 2008"]
[Source "ChessBase"]
[SourceDate "2007.11.25"]
[SourceVersion "1"]
[SourceVersionDate "2007.11.25"]
[SourceQuality "1"]

1. e4 g6 2. d4 Bg7 3. Nc3 d6 4. Be3 a6 5. f4 b5 6. Nf3 Nd7 7. Bd3 Bb7 8. Qe2 c5 9. dxc5 Nxc5 10. Bxc5 Bxc3+ 11. bxc3 dxc5 1/2-1/2

[Event "NOR-chT 0607"]
[Site "Oslo"]
[Date "2007.03.10"]
[Round "8"]
[White "Adnoy, Hallvard Voll"]
[Black "Ekeberg, Carl Fredrik"]
[Result "1/2-1/2"]
[WhiteElo "2294"]
[BlackElo "2365"]
[PlyCount "40"]
[EventDate "2006.11.10"]
[EventType "team-tourn"]
[EventRounds "9"]
[EventCountry "NOR"]
[SourceTitle "EXT 2008"]
[Source "ChessBase"]
[SourceDate "2007.11.25"]
[SourceVersion "1"]
[SourceVersionDate "2007.11.25"]
[SourceQuality "1"]

1. d4 Nf6 2. c4 e6 3. Nc3 Bb4 4. Qc2 0-0 5. a3 Bxc3+ 6. Qxc3 b6 7. Bg5 Bb7 8. Nf3 d6 9. e3 Nbd7 10. Be2 Rc8 11. Nd2 h6 12. Bh4 Ne4 13. Bxd8 Nxc3 14. bxc3 Rfxd8 15. 0-0 c5 16. f4 f5 17. a4 a5 18. Kf2 Kf7 19. Bf3 Bxf3 20. Kxf3 Kf6 1/2-1/2

[Event "NOR-chT 0607"]
[Site "Oslo"]
[Date "2007.03.09"]
[Round "7"]
[White "Kolas, Tore"]
[Black "Adnoy, Hallvard Voll"]
[Result "1-0"]
[WhiteElo "2218"]
[BlackElo "2294"]
[PlyCount "91"]
[EventDate "2006.11.10"]
[EventType "team-tourn"]
[EventRounds "9"]
[EventCountry "NOR"]
[SourceTitle "EXT 2008"]
[Source "ChessBase"]
[SourceDate "2007.11.25"]
[SourceVersion "1"]
[SourceVersionDate "2007.11.25"]
[SourceQuality "1"]

1. e4 g6 2. d4 Bg7 3. Nc3 d6 4. Be3 a6 5. Qd2 Nd7 6. f4 b5 7. Nf3 Bb7 8. a3 Rc8 9. Be2 c5 10. 0-0 cxd4 11. Bxd4 Bxd4+ 12. Nxd4 Ngf6 13. Qe3 Qb6 14. e5 dxe5 15. fxe5 Nd5 16. Nxd5 Bxd5 17. Bg4 e6 18. c3 0-0 19. Rae1 a5 20. Qh6 b4 21. axb4 axb4 22. Re3 bxc3 23. Rh3 Qxd4+ 24. Rf2 Qxf2+ 25. Kxf2 Rfd8 26. Qxh7+ Kf8 27. bxc3 Rc4 28. Bf3 Ke7 29. Qh6 Nc5 30. Qg5+ Kd7 31. Rh7 Rf8 32. Qxg6 Rf4 33. Qh6 Rg8 34. Qxf4 Nd3+ 35. Ke3 Nxf4 36. Rxf7+ Kc6 37. Rxf4 Bxf3 38. Kxf3 Kd5 39. c4+ Kxe5 40. Re4+ Kf5 41. Rf4+ Ke5 42. g3 Ra8 43. h4 Rh8 44. Rg4 Ra8 45. Re4+ Kf6 46. c5 1-0

[Event "NOR-chT 0607"]
[Site "Oslo"]
[Date "2007.01.14"]
[Round "6"]
[White "Gabrielsen, Stig"]
[Black "Adnoy, Hallvard Voll"]
[Result "0-1"]
[WhiteElo "2342"]
[BlackElo "2294"]
[PlyCount "87"]
[EventDate "2006.11.10"]
[EventType "team-tourn"]
[EventRounds "9"]
[EventCountry "NOR"]
[SourceTitle "EXT 2008"]
[Source "ChessBase"]
[SourceDate "2007.11.25"]
[SourceVersion "1"]
[SourceVersionDate "2007.11.25"]
[SourceQuality "1"]

1. e4 d6 2. d4 Nf6 3. Nc3 e5 4. Nf3 Nbd7 5. Bc4 Be7 6. 0-0 0-0 7. a4 a5 8. Ba2 c6 9. Bg5 Ne8 10. Be3 Nc7 11. Qd2 Na6 12. Rad1 Nb4 13. Bb3 exd4 14. Bxd4 Qe8 15. Qf4 Nc5 16. Qg3 g6 17. Bxc5 dxc5 18. e5 Bf5 19. Qf4 Kg7 20. Ne4 Bxe4 21. Qxe4 f5 22. Qe3 Rd8 23. Qc3 b5 24. e6+ Kg8 25. Ne5 c4 26. Nd7 cxb3 27. Qxb3 Kg7 28. axb5 cxb5 29. c3 a4 30. Qa3 Na6 31. Qa2 Rh8 32. Qd5 Nb8 33. Qe5+ Kg8 34. Nf6+ Bxf6 35. Qxf6 Nc6 36. e7 Nxe7 37. Qe6+ Kg7 38. Rxd8 Qxd8 39. Re1 Nd5 40. Qe5+ Nf6 41. Qxb5 Re8 42. Rc1 Qd2 43. Rf1 Re1 44. Qb7+ 0-1

[Event "NOR-chT 0607"]
[Site "Oslo"]
[Date "2007.01.12"]
[Round "4"]
[White "Adnoy, Hallvard Voll"]
[Black "Gvein, Kenneth"]
[Result "1/2-1/2"]
[WhiteElo "2294"]
[BlackElo "2158"]
[PlyCount "72"]
[EventDate "2006.11.10"]
[EventType "team-tourn"]
[EventRounds "9"]
[EventCountry "NOR"]
[SourceTitle "EXT 2008"]
[Source "ChessBase"]
[SourceDate "2007.11.25"]
[SourceVersion "1"]
[SourceVersionDate "2007.11.25"]
[SourceQuality "1"]

1. d4 d5 2. c4 c6 3. cxd5 cxd5 4. Nc3 Nf6 5. Bf4 Nc6 6. e3 e6 7. Bd3 Bd6 8. Bxd6 Qxd6 9. f4 a6 10. Nf3 Bd7 11. 0-0 b5 12. Ne5 0-0 13. Rf3 Qe7 14. Rh3 g6 15. Qf3 b4 16. Ne2 Kg7 17. g4 Rh8 18. Rc1 Rac8 19. g5 Ne4 20. Nxd7 Qxd7 21. Rd1 Nd6 22. Ng3 Ne7 23. Nh1 Nef5 24. Nf2 h5 25. gxh6+ Nxh6 26. Kh1 Nhf5 27. Rg1 Rxh3 28. Nxh3 Ne4 29. Qe2 Rh8 30. Bxe4 Rxh3 31. Bxf5 exf5 32. Kg2 Rh4 33. h3 Qe6 34. Qf3 Rh8 35. Rc1 Re8 36. Kf2 Rc8 1/2-1/2

[Event "Pardubice op-A"]
[Site "Pardubice"]
[Date "2006.07.24"]
[Round "4"]
[White "Sergin, Mark"]
[Black "Adnoy, Hallvard Voll"]
[Result "0-1"]
[WhiteElo "2051"]
[BlackElo "2273"]
[PlyCount "80"]
[EventDate "2006.07.21"]
[EventType "swiss"]
[EventRounds "9"]
[EventCountry "CZE"]
[SourceTitle "CBM 113 Extra"]
[Source "ChessBase"]
[SourceDate "2006.09.14"]
[SourceVersion "1"]
[SourceVersionDate "2006.09.14"]
[SourceQuality "1"]

1. e4 d6 2. d4 g6 3. Nc3 Bg7 4. Be3 a6 5. Qd2 b5 6. h4 h5 7. Nh3 Nd7 8. Ng5 Bb7 9. Bd3 c5 10. Be2 cxd4 11. Bxd4 Ngf6 12. Bf3 Ne5 13. Bxe5 dxe5 14. Qe2 e6 15. g4 hxg4 16. Bxg4 Rc8 17. a3 Qe7 18. Rd1 Nh5 19. Bxh5 Rxh5 20. Rd3 Bh6 21. Nf3 Bc1 22. Kd1 Bxb2 23. Nb1 Qc5 24. Ne1 Bd4 25. Rh2 Qc6 26. f3 a5 27. Qd2 Qc7 28. c3 Bg1 29. Rh1 Bc5 30. Nc2 Ba6 31. Ne3 b4 32. c4 Be7 33. axb4 axb4 34. Qc2 Bxc4 35. Rd2 Bb3 36. Qxb3 Qc1+ 37. Ke2 Qxh1 38. Ng4 Rc1 39. Ke3 Bc5+ 40. Kd3 Qxf3+ 0-1